000 00867cam a2200205 4500
001 WB3939-12
008 031015n2003 000 0 eng u
035 _a(Sirsi) u123929
245 _aBetter homes for old age
260 _c2003
490 _aPlanning (for the Natural and Built Environment)
_v(1540) 10 October 2003, 4(1)
520 _aThe Centre for Policy on Ageing (CPA) and the Housing Corporation have published a pamphlet on the housing needs of older people, claiming that little attention has been paid in the past to such a fundamental issue. "Do we have a choice? Housing for older people" is available for free from the CPA, t +44 (0)20 7553 6500.
590 _aWB
650 _aOLD PEOPLES HOMES
650 _aOLDER PEOPLE
650 _aHOUSING REQUIREMENTS
650 _aHOUSING DESIGN
690 _aAffordable housing
_96215
942 _n0
999 _c73597
_d73597